Μουσική μανία : στις απαρχές του βακχικού ενθουσιασμού
Αποθηκεύτηκε σε:
| Κύριος συγγραφέας: | |
|---|---|
| Μορφή: | Βιβλίο |
| Γλώσσα: | Greek |
| Δημοσίευση: |
Αθήνα :
Αλεξάνδρεια,
2011.
|
| Σειρά: | Ο αρχαίος κόσμος (Αλεξάνδρεια)
|
| Θέματα: | |
| Ετικέτες: |
Προσθήκη ετικέτας
Δεν υπάρχουν, Καταχωρήστε ετικέτα πρώτοι!
|
MARC
| LEADER | 00000cam a2200000 a 4500 | ||
|---|---|---|---|
| 001 | 1/124085 | ||
| 008 | 211214s2011####gr | ||| |||| ||gre|| | ||
| 020 | |a 9789602214879 | ||
| 040 | |a GR-MyUa |b gre |c GR-MyUa |e AACR2 | ||
| 041 | 0 | |a gre | |
| 082 | 7 | |a 781.11 |2 (23) | |
| 100 | 1 | |a Τσοκανή, Χαρίκλεια. | |
| 245 | 1 | 0 | |a Μουσική μανία : |b στις απαρχές του βακχικού ενθουσιασμού / |c Χαρίκλεια Τσοκανή. |
| 260 | |a Αθήνα : |b Αλεξάνδρεια, |c 2011. | ||
| 300 | |a 253 σ. ; |c 21 εκ. | ||
| 490 | 1 | |a (Ο αρχαίος κόσμος / Αλεξάνδρεια) | |
| 504 | |a Βιβλιογραφία: σ. [247]-253. | ||
| 600 | 0 | 0 | |a Dionysus (Greek deity) |x Cult. |
| 650 | 0 | |a Music, Influence of. | |
| 650 | 0 | |a Music |x Physiological effect. | |
| 830 | 0 | |a Ο αρχαίος κόσμος (Αλεξάνδρεια) | |
| 970 | |a Κοντού |b Παρασκευή |z 14/12/2021 | ||